000 00508nam a2200157 i 4500
001 83421
003 ES-MaACL
005 20230906174826.0
007 t|
008 041116s1951 ve ||||1| spa d
100 1 _aIribarren-Celis, Lino.
_965457
245 1 3 _aLa Guerra de la Independencia en el Estado de Lara
_b: ensayo de interpretación histórica /
_cLino Iribarren-Celis.
260 _aVenezuela :
_b[s.n.,
_c1951] (
_fImp. Avila)
300 _a285 p. ;
_c23 cm.
852 _aES-MaACL
_jD-9028
_bR.34218
999 _c83421
_d83421